Muslims and media images: (Record no. 18122)

MARC details
000 -LEADER
fixed length control field 01247nam a2200301 a 4500
005 - DATE AND TIME OF LATEST TRANSACTION
control field 20080616100023.0
008 - FIXED-LENGTH DATA ELEMENTS--GENERAL INFORMATION
fixed length control field 070814s2007 ii 001 0 eng
010 ## - LCCN (DPL NO)
LC control number ENG-91537
020 ## - INTERNATIONAL STANDARD BOOK NUMBER
International Standard Book Number 9780195694956
Terms of availability 695.00
020 ## - INTERNATIONAL STANDARD BOOK NUMBER
International Standard Book Number 0195694953
Terms of availability 695.00
035 ## - SYSTEM CONTROL NUMBER
System control number EN-75070
037 ## - SOURCE OF ACQUISITION
Source of stock number/acquisition DBAD / PUB
040 ## - CATALOGING SOURCE
Original cataloging agency dpl
Language of cataloging English
082 ## - DEWEY DECIMAL CLASSIFICATION NUMBER
Classification number 302.23088297
245 ## - TITLE STATEMENT
Title Muslims and media images:
Statement of responsibility, etc edited by Ather Farouqui
Remainder of title news versus views /
260 ## - PUBLICATION, DISTRIBUTION, ETC. (IMPRINT)
Place of publication, distribution, etc New Delhi
Name of publisher, distributor, etc Oxford University Press
Date of publication, distribution, etc 2009
270 ## - ADDRESS
Address YMCA Library Building , Jai Singh Road,
City New Delhi
Postal code 110001
300 ## - PHYSICAL DESCRIPTION
Extent xiv, 354 p.
Dimensions 23 cm (Hb)
500 ## - GENERAL NOTE
General note Includes index
520 ## - SUMMARY, ETC.
Summary, etc Contributed articles chiefly with reference to India.
650 ## - SUBJECT ADDED ENTRY--TOPICAL TERM
Topical term or geographic name as entry element Islam in mass media
650 ## - SUBJECT ADDED ENTRY--TOPICAL TERM
Topical term or geographic name as entry element Mass media
General subdivision Objectivity
Geographic subdivision India
650 ## - SUBJECT ADDED ENTRY--TOPICAL TERM
Topical term or geographic name as entry element Muslims
General subdivision Public opinion
Geographic subdivision India
700 ## - ADDED ENTRY--PERSONAL NAME
Personal name Ather Farouqui
942 ## - ADDED ENTRY ELEMENTS (KOHA)
Source of classification or shelving scheme Dewey Decimal Classification
Item type English Books
Call number suffix MUS
Classification part 302.23088297
Holdings
Withdrawn status Lost status Source of classification or shelving scheme Damaged status Not for loan Collection code Home library Current library Date acquired Source of acquisition Cost, normal purchase price Total Checkouts Full call number Barcode Date last seen Copy number Cost, replacement price Koha item type
    Dewey Decimal Classification   Ordered   Andrews Gunj Andrews Gunj 05/05/2010   695.00   302.23088297 MUS   05/05/2010   695.00 English Books
    Dewey Decimal Classification   Not For Loan Non-fiction D.B.Act.Division D.B.Act.Division 06/11/2008 DBAD / PUB 695.00   302.23088297 MUS EN-75070 06/11/2008 1 695.00 English Books

© Delhi Public Library
Hit Counter
free hit counter